000 00526nam a2200193Ia 4500
003 LDD
008 181029s9999 xx 000 0 und d
020 _a8184042612
_c350.00
040 _cLDD
100 _aRaymond, Scott
245 0 _aAjax on Rails
_cScott Raymond
260 _aNew Delhi
_bShroff publishers
_c2007
300 _axii, 336p.
365 _b350.00
901 _a3905
_b29-03-2007
902 _a1397
_b07-05-2007
_cF
_dBB
_e0
903 _aDiscount-10
_bReqst by : Moumita Das
942 _2ddc
_cBK
999 _c78946
_d78946